तट निरंजना / (Record no. 117582)

MARC details
000 -LEADER
fixed length control field 01254nam a22002897a 4500
003 - CONTROL NUMBER IDENTIFIER
control field dpl
005 - DATE AND TIME OF LATEST TRANSACTION
control field 20190606115640.0
008 - FIXED-LENGTH DATA ELEMENTS--GENERAL INFORMATION
fixed length control field 190606b ||||| |||| 00| 0 eng d
010 ## - LIBRARY OF CONGRESS CONTROL NUMBER
LC control number B-038479
020 ## - INTERNATIONAL STANDARD BOOK NUMBER
Terms of availability 100.00
International Standard Book Number 8185826838
035 ## - SYSTEM CONTROL NUMBER
System control number B-038479, B-038483
037 ## - SOURCE OF ACQUISITION
Source of stock number/acquisition Cen Lib/Ret
040 ## - CATALOGING SOURCE
Original cataloging agency DPL
Language of cataloging HN
Transcribing agency 0
082 ## - DEWEY DECIMAL CLASSIFICATION NUMBER
Classification number 822
Item number मिश्रवि
100 ## - MAIN ENTRY--PERSONAL NAME
Personal name मिश्र, विजय
9 (RLIN) 75552
245 ## - TITLE STATEMENT
Title तट निरंजना /
Statement of responsibility, etc विजय मिश्र;अनुवादक राजेंद्र प्रसाद मिश्र
246 ## - VARYING FORM OF TITLE
Title proper/short title Tat niranjana /
Remainder of title by Vijay Mishra;anuvadak Rajendra Prasad Mishra
260 ## - PUBLICATION, DISTRIBUTION, ETC. (IMPRINT)
Place of publication, distribution, etc नई दिल्ली
Name of publisher, distributor, etc ग्रंथ अकादमी
Date of publication, distribution, etc 2001
270 ## - ADDRESS
Address 1686, पुराना दरियागंज
City नई दिल्ली
Postal code 110002
300 ## - PHYSICAL DESCRIPTION
Extent 18पृ.
Dimensions 21सेमी(सजिल्द)
650 ## - SUBJECT ADDED ENTRY--TOPICAL TERM
Topical term or geographic name as entry element हिन्दी साहित्य
9 (RLIN) 75553
650 ## - SUBJECT ADDED ENTRY--TOPICAL TERM
Topical term or geographic name as entry element हिन्दी -- नाटक
9 (RLIN) 1413
650 ## - SUBJECT ADDED ENTRY--TOPICAL TERM
Topical term or geographic name as entry element Hindi literature
9 (RLIN) 75554
650 ## - SUBJECT ADDED ENTRY--TOPICAL TERM
Topical term or geographic name as entry element Hindi - drama
9 (RLIN) 75555
700 ## - ADDED ENTRY--PERSONAL NAME
Personal name मिश्र, राजेंद्र प्रसाद
9 (RLIN) 42583
942 ## - ADDED ENTRY ELEMENTS (KOHA)
Source of classification or shelving scheme Dewey Decimal Classification
Koha item type Hindi Books
Classification part 822
Call number suffix मिश्रवि
Holdings
Withdrawn status Lost status Damaged status Not for loan Home library Current library Date acquired Source of acquisition Cost, normal purchase price Total Checkouts Full call number Barcode Date last seen Copy number Cost, replacement price Price effective from Koha item type Source of classification or shelving scheme Collection code
        Central Library Central Library 07/09/2015 Cen Lib/Ret 100.00   822 मिश्रवि B-038479 07/09/2015 1 100.00 07/09/2015 Hindi Books    
        Shahdara Branch Shahdara Branch 06/06/2019 BPPD/PUB 100.00   822 मिश्रवि B-038483 06/06/2019   100.00 06/06/2019 Hindi Books Dewey Decimal Classification Non-fiction

© Delhi Public Library
Hit Counter
free hit counter